000 00473nam a2200181Ia 4500
005 20250508162802.0
008 008 250505s9999 xx 000 0 eng d
037 _aTextual
040 _aFEDL
_beng
_cFEDL
041 _aeng
_2eng
084 _a650, DUN
_qFEDL
100 _aDunham Randall B
245 0 _aMangement
260 _aLondon, UK
_bScott, Foresman and Company
_c1989
300 _a123p.
942 _cTEXL
_h650, DUN
999 _c1378677
_d1378677